El pequeño Nicolás
Saved in:
| Format: | Bog |
|---|---|
| Sprog: | spansk |
| Udgivet: |
Santiago
Aguilar Chilena
2003
Santiago Alfaguara 2003 |
| Udgivelse: | 10a. ed |
| Serier: | Infantil
|
| Fag: | |
| Tags: |
Tilføj Tag
Ingen Tags, Vær først til at tagge denne postø!
|
MARC
| LEADER | 00000nam a2200000 a 4500 | ||
|---|---|---|---|
| 001 | UCL7643 | ||
| 003 | CL-VaPUC | ||
| 008 | 040528e20030000CL |||||||||||||||||spa|d | ||
| 020 | |a 9562391744 | ||
| 082 | 0 | 4 | |a 808.0683 |b PEQ |2 21 |
| 245 | 1 | 3 | |a El pequeño Nicolás |
| 250 | |a 10a. ed | ||
| 300 | |a 139 p | ||
| 942 | |c BK | ||
| 945 | |d 20040528 00:00:00 |a cmena | ||
| 260 | |a Santiago |b Aguilar Chilena |c 2003 | ||
| 260 | |a Santiago |b Alfaguara |c 2003 | ||
| 500 | |a Desde 10 años | ||
| 500 | |a Ilustrado por René Goscinny, Sempé | ||
| 650 | 0 | |a Literatura infantil |9 307465 | |
| 650 | 0 | |a Niños |9 255605 | |
| 583 | |a last modification |c 20130419 11:00:14 |k Rodrigo Vera | ||
| 490 | 0 | |a Infantil | |
| 999 | |c 309273 |d 309271 | ||
| 952 | |0 0 |1 0 |2 ddc |4 0 |6 808_068300000000000_PEQ_2003 |7 0 |8 A |9 376668 |a BIBEDU |b BIBEDU |d 2019-11-21 |i 4020154 |l 1 |o 808.0683 PEQ 2003 |p 4020154 |r 2024-07-05 |s 2024-06-28 |w 2019-11-21 |y BK |k BME | ||